Logo Biblioteca

Del reloj a la flor de loto : (Registro nro. 509)

Detalles MARC
000 -LEADER
fixed length control field 00545nam a22001817a 4500
003 - CONTROL NUMBER IDENTIFIER
control field OSt
005 - DATE AND TIME OF LATEST TRANSACTION
control field 20250521125332.0
008 - FIXED-LENGTH DATA ELEMENTS--GENERAL INFORMATION
fixed length control field 250521s2011 ag ||||| |||| 00| 0 spa d
020 ## - INTERNATIONAL STANDARD BOOK NUMBER
International Standard Book Number 9789876092814
040 ## - CATALOGING SOURCE
Transcribing agency OSt
100 1# - MAIN ENTRY--PERSONAL NAME
Personal name Llamazares, Ana María
Relator term autor
245 10 - TITLE STATEMENT
Title Del reloj a la flor de loto :
Remainder of title crisis contemporánea y cambio de paradigma /
Statement of responsibility, etc. Ana María Llamazares
260 ## - PUBLICATION, DISTRIBUTION, ETC.
Place of publication, distribution, etc. Buenos Aires :
Name of publisher, distributor, etc. Del Nuevo Extremo,
Date of publication, distribution, etc. 2011
300 ## - PHYSICAL DESCRIPTION
Extent 443 p.
490 ## - SERIES STATEMENT
Series statement Nuevamente
650 #4 - SUBJECT ADDED ENTRY--TOPICAL TERM
Topical term or geographic name entry element Epistemología
General subdivision Ciencias sociales
942 ## - ADDED ENTRY ELEMENTS (KOHA)
Source of classification or shelving scheme Universal Decimal Classification
Koha item type Obra General
Suppress in OPAC No
Existencias
Withdrawn status Lost status Source of classification or shelving scheme Damaged status Not for loan Collection Home library Current library Date acquired Total checkouts Full call number Barcode Date last seen Price effective from Koha item type
    Universal Decimal Classification     Colección Nélida Perona Biblioteca Escuela de Ciencias Sociales Biblioteca Escuela de Ciencias Sociales 21/05/2025   303.1 L791 001412 21/05/2025 21/05/2025 Obra General
Biblioteca de la Escuela Preuniversitaria en Ciencias Sociales y Humanísticas.
Riobamba 250 bis.
CP 2000 - Rosario - Santa Fe
E-Mail: biblioteca@esociales.unr.edu.ar